Сейсморазведка: учебное пособие
| Autor Principal: | |
|---|---|
| Corporate Authors: | , |
| Summary: | Заглавие с титульного экрана Электронная версия печатной публикации Пособие написано на основе многолетнего опыта чтения курса "Сейсморазведка" на кафедре геофизики Томского политехнического университета. Предназначено для студентов, обучающихся по специальностям 130201 "Геофизические методы поисков и разведки месторождений полезных ископаемых" и 130202 "Геофизические методы исследования скважин". Режим доступа: из корпоративной сети ТПУ |
| Idioma: | ruso |
| Publicado: |
Томск, Изд-во ТПУ, 2012
|
| Subjects: | |
| Acceso en liña: | http://www.lib.tpu.ru/fulltext2/m/2013/m130.pdf |
| Formato: | Electrónico Libro |
| KOHA link: | https://koha.lib.tpu.ru/cgi-bin/koha/opac-detail.pl?biblionumber=236516 |
MARC
| LEADER | 00000nlm0a2200000 4500 | ||
|---|---|---|---|
| 001 | 236516 | ||
| 005 | 20231101231458.0 | ||
| 035 | |a (RuTPU)RU\TPU\book\257682 | ||
| 090 | |a 236516 | ||
| 100 | |a 20130425d2012 m y0rusy50 ca | ||
| 101 | 0 | |a rus | |
| 102 | |a RU | ||
| 105 | |a a j 001zy | ||
| 135 | |a drcn ---uucaa | ||
| 181 | 0 | |a i | |
| 182 | 0 | |a b | |
| 200 | 1 | |a Сейсморазведка |b Электронный ресурс |e учебное пособие |f Г. И. Резяпов |g Национальный исследовательский Томский политехнический университет (ТПУ) ; Национальный исследовательский Томский политехнический университет (ТПУ), Институт природных ресурсов (ИПР), Кафедра геофизики (ГЕОФ) | |
| 203 | |a Текст |c электронный | ||
| 210 | |a Томск |c Изд-во ТПУ |d 2012 | ||
| 230 | |a 1 компьютерный файл (pdf; 27.7 MB) | ||
| 300 | |a Заглавие с титульного экрана | ||
| 300 | |a Электронная версия печатной публикации | ||
| 330 | |a Пособие написано на основе многолетнего опыта чтения курса "Сейсморазведка" на кафедре геофизики Томского политехнического университета. Предназначено для студентов, обучающихся по специальностям 130201 "Геофизические методы поисков и разведки месторождений полезных ископаемых" и 130202 "Геофизические методы исследования скважин". | ||
| 333 | |a Режим доступа: из корпоративной сети ТПУ | ||
| 337 | |a Adobe Reader | ||
| 606 | 1 | |a Сейсмическая разведка |2 stltpush |3 (RuTPU)RU\TPU\subj\54338 |9 72495 | |
| 610 | 1 | |a электронный ресурс | |
| 610 | 1 | |a учебные пособия | |
| 610 | 1 | |a труды учёных ТПУ | |
| 610 | 1 | |a сейсморазведка | |
| 610 | 1 | |a физические основы | |
| 610 | 1 | |a геологические основы | |
| 610 | 1 | |a сейсмические волны | |
| 610 | 1 | |a кинематика | |
| 610 | 1 | |a технические средства | |
| 610 | 1 | |a интерференционные системы | |
| 610 | 1 | |a сейсморазведочные работы | |
| 610 | 1 | |a сейсморазведочные данные | |
| 610 | 1 | |a интерпретация | |
| 610 | 1 | |a интерпретация данных | |
| 610 | 1 | |a вертикальное сейсмическое профилирование | |
| 610 | 1 | |a системы наблюдений | |
| 610 | 1 | |a морская сейсморазведка | |
| 675 | |a 550.834(075.8) |v 3 | ||
| 700 | 1 | |a Резяпов |b Г. И. |c геолог |c доцент Томского политехнического университета |f 1947- |g Гумер Ибрагимович |2 stltpush |3 (RuTPU)RU\TPU\pers\30736 | |
| 712 | 0 | 2 | |a Национальный исследовательский Томский политехнический университет (ТПУ) |c (2009- ) |2 stltpush |3 (RuTPU)RU\TPU\col\15902 |
| 712 | 0 | 2 | |a Национальный исследовательский Томский политехнический университет (ТПУ) |b Институт природных ресурсов (ИПР) |b Кафедра геофизики (ГЕОФ) |h 254 |2 stltpush |3 (RuTPU)RU\TPU\col\18667 |
| 801 | 1 | |a RU |b 63413507 |c 20130425 | |
| 801 | 2 | |a RU |b 63413507 |c 20140110 |g RCR | |
| 856 | 4 | |u http://www.lib.tpu.ru/fulltext2/m/2013/m130.pdf | |
| 900 | |a Сейсморазведка | ||
| 942 | |c CF | ||